Normal view
MARC view
Entry Personal Name
001 - CONTROL NUMBER
- control field: 13154
003 - CONTROL NUMBER IDENTIFIER
- control field: BD-RjUL
005 - DATE AND TIME OF LATEST TRANSACTION
- control field: 20240525171026.0
008 - FIXED-LENGTH DATA ELEMENTS
- fixed length control field: 240525|| aca||aabn | a|a d
040 ## - CATALOGING SOURCE
- Original cataloging agency: BD-RjUL
- Transcribing agency: BD-RjUL
100 ## - HEADING--PERSONAL NAME
- Personal name: Hasan, Md. Mahbub, Principal Supervisor
670 ## - SOURCE DATA FOUND
- Source citation: Work cat.: (BD-RjUL)83811: Uddin, Md. Rayhan 13152, Control of Uzi-fly Exorbillans Wied. An Endoparasitoid of Sillkworm, Integrating the Nuclear and Other Techniques /, 2005